00471nam a22001457a 4500020001800000040000900018082001900027100002800046245003400074260003600108650004200144942001200186999001900198952010800217 a9780071128711 cNust a621.815bULL'M aDavid G. Ullman9125358 aThe mechanical design process aNew York:bMcGraw -Hill,c1992. aThe mechanical design process9112288 2ddccBK c612040d612040 00102ddc4070aCEMEbCEMEcGENd2024-10-09l0o621.815 ULL'MpCEME- 32460r2024-10-09w2024-10-09yBK